[Event "Sachsen-Anhalt Landesliga-B 1920"]
[Site "Sachsen Anhalt"]
[Date "2019.11.17"]
[Round "3.4"]
[White "Liebscher, Helmar"]
[Black "Thielicke, Niklas"]
[Result "1/2-1/2"]
[WhiteElo "1964"]
[BlackElo "1681"]
[PlyCount "31"]
[EventDate "2019.09.29"]
[EventType "team-tourn"]
[EventRounds "9"]
[EventCountry "GER"]
[SourceTitle "EXT 2023"]
[Source "ChessBase"]
[SourceDate "2022.10.05"]
[SourceVersion "1"]
[SourceVersionDate "2022.10.05"]
[SourceQuality "1"]
[WhiteTeam "Halle USV III"]
[BlackTeam "Coethen Germania II"]
[WhiteTeamCountry "GER"]
[BlackTeamCountry "GER"]

1. e4 c6 2. d4 d5 3. e5 Bf5 4. Nc3 e6 5. g4 Bg6 6. Nge2 c5 7. Be3 cxd4 8. Nxd4 Nc6 9. Bb5 Qc7 10. f4 a6 11. Be2 Bb4 12. 0-0 Nge7 13. Bf2 Nxd4 14. Bxd4 Nc6 15. Bf2 Ne7 16. Bd4 1/2-1/2

[Event "Sachsen-Anhalt Verbandsliga 18/19"]
[Site "Sachsen Anhalt"]
[Date "2019.03.24"]
[Round "7.7"]
[White "Liebscher, Helmar"]
[Black "Lyashkevych, Igor"]
[Result "1/2-1/2"]
[WhiteElo "2106"]
[BlackElo "1906"]
[PlyCount "79"]
[EventDate "2018.10.21"]
[EventType "team-tourn"]
[EventRounds "9"]
[EventCountry "GER"]
[SourceTitle "EXT 2022"]
[Source "ChessBase"]
[SourceDate "2021.10.06"]
[SourceVersion "1"]
[SourceVersionDate "2021.10.06"]
[SourceQuality "1"]
[WhiteTeam "Halle USV II"]
[BlackTeam "Magdeburg USC"]
[WhiteTeamCountry "GER"]
[BlackTeamCountry "GER"]

1. e4 c5 2. Nf3 Nc6 3. d4 cxd4 4. Nxd4 e5 5. Nb5 a6 6. Nd6+ Bxd6 7. Qxd6 Qf6 8. Qxf6 Nxf6 9. Nc3 Nb4 10. Bd3 Nxd3+ 11. cxd3 h6 12. 0-0 d6 13. f4 Bd7 14. Be3 Rc8 15. d4 Ng4 16. Bf2 exf4 17. Rac1 0-0 18. Nd5 Rfe8 19. Rxc8 Bxc8 20. Rc1 Be6 21. Nc3 Rc8 22. h3 Nf6 23. d5 Bd7 24. Re1 b5 25. a3 a5 26. Bd4 Ne8 27. Ne2 g5 28. Rc1 Rxc1+ 29. Nxc1 f5 30. e5 dxe5 31. Bxe5 Kf7 32. Nd3 Ke7 33. Nc5 Nd6 34. Bg7 Nf7 35. Nb7 a4 36. Bc3 Bc8 37. Bb4+ Kd7 38. Nc5+ Kd8 39. Kf2 Ne5 40. Bc3 1/2-1/2

[Event "Sachsen-Anhalt Verbandsliga 18/19"]
[Site "Sachsen Anhalt"]
[Date "2018.12.16"]
[Round "4.5"]
[White "Haentsch, Ralf"]
[Black "Liebscher, Helmar"]
[Result "1/2-1/2"]
[WhiteElo "2087"]
[BlackElo "2115"]
[PlyCount "25"]
[EventDate "2018.10.21"]
[EventType "team-tourn"]
[EventRounds "9"]
[EventCountry "GER"]
[SourceTitle "EXT 2022"]
[Source "ChessBase"]
[SourceDate "2021.10.06"]
[SourceVersion "1"]
[SourceVersionDate "2021.10.06"]
[SourceQuality "1"]
[WhiteTeam "Coethen Germania"]
[BlackTeam "Halle USV II"]
[WhiteTeamCountry "GER"]
[BlackTeamCountry "GER"]

1. e4 e5 2. Nf3 Nc6 3. Bc4 Bc5 4. d3 Nf6 5. 0-0 d6 6. h3 Na5 7. Bb3 Nxb3 8. axb3 h6 9. Be3 Bxe3 10. fxe3 0-0 11. Nc3 Re8 12. Nd5 Nxd5 13. exd5 1/2-1/2

[Event "MVP-ch Seniors op 18th"]
[Site "Ostseebad Binz"]
[Date "2018.12.05"]
[Round "8"]
[White "Liebscher, Helmar"]
[Black "Glawe, Hartmut"]
[Result "1/2-1/2"]
[WhiteElo "2115"]
[BlackElo "2031"]
[PlyCount "101"]
[EventDate "2018.11.28"]
[EventType "swiss"]
[EventRounds "9"]
[EventCountry "GER"]
[SourceTitle "CBM 188 Extra"]
[Source "ChessBase"]
[SourceDate "2019.02.26"]
[SourceVersion "1"]
[SourceVersionDate "2019.02.26"]
[SourceQuality "1"]

1. e4 c5 2. Nf3 d6 3. d4 cxd4 4. Nxd4 Nf6 5. Nc3 a6 6. h3 e5 7. Nde2 h6 8. g4 Be7 9. Bg2 b5 10. a3 Bb7 11. 0-0 Nbd7 12. Ng3 g6 13. Qe2 Rc8 14. f4 Qc7 15. g5 hxg5 16. fxg5 Nh5 17. Nxh5 Rxh5 18. Qf2 Rh7 19. Be3 Qc4 20. Rac1 Nc5 21. Qf3 a5 22. Rf2 b4 23. Bf1 Qe6 24. Nd5 Nxe4 25. Qxe4 Qxd5 26. Qxd5 Bxd5 27. axb4 axb4 28. Kh2 Be6 29. c4 bxc3 30. Rxc3 Rxc3 31. bxc3 d5 32. Ra2 Kf8 33. Kg3 Kg7 34. Ra7 Bd6 35. Ra6 Bb8 36. Bg2 d4 37. cxd4 exd4+ 38. Bf4 Bxf4+ 39. Kxf4 Bxh3 40. Bd5 Bf5 41. Ra7 Kf8 42. Ra8+ Ke7 43. Ke5 d3 44. Ra7+ Bd7 45. Bc6 f6+ 46. gxf6+ Kd8 47. Kd6 d2 48. Ra8+ Bc8 49. Ra1 Bg4 50. Ra8+ Bc8 51. Ra1 1/2-1/2

[Event "MVP-ch Seniors op 18th"]
[Site "Ostseebad Binz"]
[Date "2018.11.30"]
[Round "3"]
[White "Nitsch, Thomas"]
[Black "Liebscher, Helmar"]
[Result "0-1"]
[WhiteElo "1959"]
[BlackElo "2115"]
[PlyCount "50"]
[EventDate "2018.11.28"]
[EventType "swiss"]
[EventRounds "9"]
[EventCountry "GER"]
[SourceTitle "CBM 188 Extra"]
[Source "ChessBase"]
[SourceDate "2019.02.26"]
[SourceVersion "1"]
[SourceVersionDate "2019.02.26"]
[SourceQuality "1"]

1. e4 e5 2. Nc3 Nf6 3. Bc4 c6 4. d3 d5 5. exd5 cxd5 6. Bb5+ Nc6 7. Nf3 Bd6 8. Bg5 Be6 9. 0-0 a6 10. Bxc6+ bxc6 11. h3 h6 12. Bh4 Rb8 13. b3 Qc7 14. Bg3 Nd7 15. d4 e4 16. Bxd6 Qxd6 17. Nh2 0-0 18. f3 f5 19. fxe4 dxe4 20. Ne2 f4 21. c4 f3 22. Nc3 fxg2 23. Rxf8+ Rxf8 24. Nxe4 Qf4 25. Qd3 Bf5 0-1

[Event "Sachsen-Anhalt Verbandsliga 18/19"]
[Site "Sachsen Anhalt"]
[Date "2018.11.25"]
[Round "3.7"]
[White "Liebscher, Helmar"]
[Black "Heyne, Jan Hendrik"]
[Result "0-1"]
[WhiteElo "2115"]
[BlackElo "1890"]
[PlyCount "112"]
[EventDate "2018.10.21"]
[EventType "team-tourn"]
[EventRounds "9"]
[EventCountry "GER"]
[SourceTitle "EXT 2022"]
[Source "ChessBase"]
[SourceDate "2021.10.06"]
[SourceVersion "1"]
[SourceVersionDate "2021.10.06"]
[SourceQuality "1"]
[WhiteTeam "Halle USV II"]
[BlackTeam "Magdeburg Aufbau Elbe II"]
[WhiteTeamCountry "GER"]
[BlackTeamCountry "GER"]

1. e4 c5 2. Nf3 d6 3. d4 cxd4 4. Nxd4 Nf6 5. Nc3 a6 6. h3 e6 7. g4 b5 8. Bg2 Bb7 9. a3 h6 10. Be3 Nbd7 11. Qd2 Ne5 12. b3 Rc8 13. f3 Qc7 14. Nce2 Be7 15. 0-0 Ned7 16. Bf2 d5 17. e5 Nxe5 18. Bg3 Bd6 19. Rae1 0-0 20. g5 hxg5 21. Qxg5 Nc6 22. c3 Bxg3 23. Nxg3 Qb6 24. Qe3 e5 25. Ndf5 Qxe3+ 26. Rxe3 Rfd8 27. f4 e4 28. Rd1 g6 29. Nh6+ Kg7 30. Ng4 Na5 31. Rb1 Rc7 32. Ne2 Rdc8 33. Ne5 Nh5 34. Kf2 Kf8 35. h4 Ng7 36. Bh3 Rd8 37. Nd4 Bc8 38. Rd1 Ke7 39. b4 f6 40. Nxg6+ Kf7 41. bxa5 Kxg6 42. Rg1+ Kf7 43. f5 Rh8 44. Kg3 Nh5+ 45. Kh2 Nf4 46. Reg3 Rxh4 47. Rg7+ Ke8 48. Rg8+ Kd7 49. R1g3 Rxh3+ 50. Rxh3 Nxh3 51. Rg7+ Kd6 52. Rxc7 Kxc7 53. Kxh3 Kd6 54. Kg4 Kc5 55. Kf4 Kc4 56. Nc6 Kxc3 0-1

[Event "MVP-ch Seniors op 17th"]
[Site "Binz"]
[Date "2017.12.04"]
[Round "6.2"]
[White "Liebscher, Helmar"]
[Black "Dahlhaus, Friedhelm"]
[Result "1/2-1/2"]
[WhiteElo "2089"]
[BlackElo "2055"]
[PlyCount "43"]
[EventDate "2017.11.29"]
[EventType "swiss"]
[EventRounds "9"]
[EventCountry "GER"]
[SourceTitle "EXT 2019"]
[Source "ChessBase"]
[SourceDate "2018.10.10"]
[SourceVersion "1"]
[SourceVersionDate "2018.10.10"]
[SourceQuality "1"]

1. e4 e5 2. Nf3 Nc6 3. Bb5 a6 4. Ba4 Nf6 5. 0-0 b5 6. Bb3 Bb7 7. c3 Nxe4 8. d4 Be7 9. Re1 d5 10. dxe5 Na5 11. Bc2 Nc4 12. b3 Nb6 13. Nd4 0-0 14. Nd2 Qd7 15. Qh5 g6 16. Qh6 Bg5 17. Nxe4 Bxh6 18. Nf6+ Kg7 19. Nxd7 Nxd7 20. f4 c5 21. Nf3 Rfe8 22. Kf2 1/2-1/2

[Event "GER-chT Seniors 26th"]
[Site "Templin"]
[Date "2017.09.30"]
[Round "6.4"]
[White "Liebscher, Helmar"]
[Black "Neumann, Joachim"]
[Result "1-0"]
[WhiteElo "2089"]
[BlackElo "2093"]
[PlyCount "64"]
[EventDate "2017.09.25"]
[EventType "team-swiss"]
[EventRounds "7"]
[EventCountry "GER"]
[SourceTitle "EXT 2019"]
[Source "ChessBase"]
[SourceDate "2018.10.10"]
[SourceVersion "1"]
[SourceVersionDate "2018.10.10"]
[SourceQuality "1"]
[WhiteTeam "Sachsen Anhalt"]
[BlackTeam "Schleswig Holstein"]
[WhiteTeamCountry "GER"]
[BlackTeamCountry "GER"]

1. e4 c5 2. Nf3 Nc6 3. d4 cxd4 4. Nxd4 Nf6 5. Nc3 e5 6. Ndb5 d6 7. Bg5 a6 8. Bxf6 gxf6 9. Na3 b5 10. Nd5 Bg7 11. g3 Ne7 12. Bg2 Bb7 13. Nxe7 Qxe7 14. 0-0 0-0 15. c4 f5 16. exf5 Bxg2 17. Kxg2 e4 18. Rb1 Rfd8 19. Qd5 b4 20. Nc2 Rac8 21. Rfe1 Rc5 22. Qxe4 Qxe4+ 23. Rxe4 d5 24. Rg4 Kf8 25. Rd1 Bxb2 26. Nxb4 d4 27. Nd3 Ba3 28. Nxc5 Bxc5 29. f6 d3 30. Rg5 Bb4 31. Rd5 Rxd5 32. cxd5 d2 1-0

[Event "GER-chT Seniors 26th"]
[Site "Templin"]
[Date "2017.09.27"]
[Round "3.4"]
[White "Krueger, Erich"]
[Black "Liebscher, Helmar"]
[Result "1-0"]
[WhiteElo "2171"]
[BlackElo "2089"]
[PlyCount "51"]
[EventDate "2017.09.25"]
[EventType "team-swiss"]
[EventRounds "7"]
[EventCountry "GER"]
[SourceTitle "EXT 2019"]
[Source "ChessBase"]
[SourceDate "2018.10.10"]
[SourceVersion "1"]
[SourceVersionDate "2018.10.10"]
[SourceQuality "1"]
[WhiteTeam "Nordrhein Westfalen"]
[BlackTeam "Sachsen Anhalt"]
[WhiteTeamCountry "GER"]
[BlackTeamCountry "GER"]

1. d4 Nf6 2. c4 e6 3. Nc3 d5 4. cxd5 exd5 5. Bg5 c6 6. e3 Qb6 7. Bxf6 Qxb2 8. Qc1 Ba3 9. Nxd5 gxf6 10. Qxb2 Bxb2 11. Rb1 cxd5 12. Rxb2 Nc6 13. Ne2 0-0 14. Nf4 Be6 15. Be2 Rfc8 16. Rxb7 Rab8 17. Rxb8 Rxb8 18. 0-0 Kf8 19. Rc1 Rb6 20. Bf3 Ne7 21. h3 Rb2 22. a4 Ra2 23. Rb1 Rxa4 24. Rb8+ Kg7 25. Re8 Ng8 26. Nh5+ 1-0

[Event "Sachsen-Anhalt-ch Seniors 24th"]
[Site "Halberstadt"]
[Date "2016.06.04"]
[Round "7"]
[White "Liebscher, Helmar"]
[Black "Krueger, Erich"]
[Result "0-1"]
[WhiteElo "2098"]
[BlackElo "2190"]
[PlyCount "46"]
[EventDate "2016.05.29"]
[EventType "swiss"]
[EventRounds "7"]
[EventCountry "GER"]
[SourceTitle "EXT 2019"]
[Source "ChessBase"]
[SourceDate "2018.10.10"]
[SourceVersion "1"]
[SourceVersionDate "2018.10.10"]
[SourceQuality "1"]

1. e4 c6 2. d4 d5 3. e5 Bf5 4. Nc3 a6 5. g4 Bd7 6. Be3 e6 7. Nf3 c5 8. dxc5 Qc7 9. Qd2 Bxc5 10. Bxc5 Qxc5 11. Qg5 g6 12. h4 Nc6 13. 0-0-0 h5 14. Bh3 Nge7 15. Qd2 0-0-0 16. g5 Kb8 17. Rhe1 Rc8 18. Nd4 Nxd4 19. Qxd4 Qa5 20. Kb1 Rc4 21. Qxc4 dxc4 22. Rxd7 Nd5 23. Bg2 Nxc3+ 0-1

[Event "Sachsen-Anhalt-ch Seniors 24th"]
[Site "Halberstadt"]
[Date "2016.06.02"]
[Round "5"]
[White "Liebscher, Helmar"]
[Black "Kahe, Ralph"]
[Result "0-1"]
[WhiteElo "2098"]
[BlackElo "2147"]
[PlyCount "76"]
[EventDate "2016.05.29"]
[EventType "swiss"]
[EventRounds "7"]
[EventCountry "GER"]
[SourceTitle "EXT 2019"]
[Source "ChessBase"]
[SourceDate "2018.10.10"]
[SourceVersion "1"]
[SourceVersionDate "2018.10.10"]
[SourceQuality "1"]

1. e4 c6 2. d4 d5 3. e5 Bf5 4. Nc3 e6 5. g4 Bg6 6. Nge2 h6 7. Be3 Qb6 8. Rb1 Nd7 9. Bg2 Ne7 10. Ng3 0-0-0 11. 0-0 Kb8 12. b4 Rc8 13. f4 f5 14. exf6 gxf6 15. f5 exf5 16. gxf5 Bf7 17. b5 Ka8 18. Na4 Qa5 19. c4 dxc4 20. bxc6 bxc6 21. Qc2 Bd5 22. Bd2 Qa6 23. Nc3 Bxg2 24. Kxg2 Nd5 25. Nce4 N7b6 26. Rf3 h5 27. Nc5 Bxc5 28. dxc5 Nd7 29. Ne4 Ne5 30. Rg3 h4 31. Rg7 Rhg8 32. Rxg8 Rxg8+ 33. Kh1 Qa3 34. Bc3 Nxc3 35. Nxc3 Qxc5 36. Qb2 Qe7 37. Qb4 Qg7 38. Qb2 h3 0-1

[Event "MVP-ch Seniors op 15th"]
[Site "Binz"]
[Date "2015.12.02"]
[Round "9.21"]
[White "Tuertmann, Dieter"]
[Black "Liebscher, Helmar"]
[Result "0-1"]
[WhiteElo "1834"]
[BlackElo "1938"]
[PlyCount "82"]
[EventDate "2015.11.24"]
[EventType "swiss"]
[EventRounds "9"]
[EventCountry "GER"]
[SourceTitle "EXT 2017"]
[Source "ChessBase"]
[SourceDate "2016.10.25"]
[SourceVersion "1"]
[SourceVersionDate "2016.10.25"]
[SourceQuality "1"]

1. e4 e5 2. Nf3 Nc6 3. Nc3 Nf6 4. Bc4 Bc5 5. Qe2 0-0 6. 0-0 d6 7. h3 h6 8. Na4 Bb6 9. Nxb6 axb6 10. c3 Na5 11. a3 Nxc4 12. Qxc4 Be6 13. Qe2 b5 14. Re1 c6 15. d3 Kh7 16. Kh2 Qd7 17. Ng1 Ng8 18. g3 f5 19. f4 Rae8 20. fxe5 dxe5 21. Be3 f4 22. gxf4 exf4 23. Bd4 c5 24. Bxc5 f3 25. Qf2 Rf7 26. Bd4 g5 27. Rf1 Nf6 28. Bxf6 Rxf6 29. Nxf3 Ref8 30. Qe3 Bxh3 31. Nxg5+ hxg5 32. Qxh3+ Qxh3+ 33. Kxh3 Rxf1 34. Rxf1 Rxf1 35. Kg4 Kg6 36. d4 Rf4+ 37. Kg3 Rxe4 38. Kf3 Kf5 39. b3 g4+ 40. Kf2 Kf4 41. a4 g3+ 0-1

[Event "MVP-ch Seniors op 15th"]
[Site "Binz"]
[Date "2015.11.26"]
[Round "3.4"]
[White "Krueger, Erich"]
[Black "Liebscher, Helmar"]
[Result "1-0"]
[WhiteElo "2045"]
[BlackElo "1938"]
[PlyCount "113"]
[EventDate "2015.11.24"]
[EventType "swiss"]
[EventRounds "9"]
[EventCountry "GER"]
[SourceTitle "EXT 2017"]
[Source "ChessBase"]
[SourceDate "2016.10.25"]
[SourceVersion "1"]
[SourceVersionDate "2016.10.25"]
[SourceQuality "1"]

1. d4 Nf6 2. c4 e6 3. Nc3 d5 4. cxd5 exd5 5. Bg5 Be7 6. e3 h6 7. Bh4 0-0 8. Bd3 Be6 9. Qc2 c5 10. dxc5 Nbd7 11. Nf3 Rc8 12. 0-0 Nxc5 13. Rfd1 Nfe4 14. Bxe7 Qxe7 15. Nb5 Nxd3 16. Qxd3 Qb4 17. Qe2 Rc5 18. Nbd4 Rfc8 19. Ne5 R5c7 20. Nd3 Qb6 21. f3 Nd6 22. Rac1 Nf5 23. Rxc7 Rxc7 24. Nxf5 Bxf5 25. Ne1 Qc5 26. Qd2 Be6 27. Qd4 Qxd4 28. Rxd4 Kf8 29. Kf2 Ke7 30. Ke2 Rc4 31. Rd2 Rh4 32. h3 Rc4 33. Nc2 a6 34. Nd4 Rc1 35. Rd1 Rc4 36. Kd2 Kd6 37. b3 Rc5 38. f4 Ra5 39. a4 g6 40. g4 Bd7 41. Nf3 b5 42. axb5 Bxb5 43. Ne5 Ra2+ 44. Kc3 Re2 45. Nxf7+ Ke7 46. Ne5 Rxe3+ 47. Kb4 g5 48. Ng6+ Kd6 49. f5 Rxh3 50. Re1 Bd7 51. Nh8 d4 52. Nf7+ Kc6 53. f6 Bxg4 54. Ne5+ Kd5 55. f7 d3 56. f8Q Be2 57. Qc5+ 1-0

[Event "Sachsen-Anhalt-ch Seniors 22nd"]
[Site "Halberstadt"]
[Date "2014.05.31"]
[Round "7"]
[White "Liebscher, Helmar"]
[Black "Bondick, Karl Heinz"]
[Result "1/2-1/2"]
[WhiteElo "1926"]
[BlackElo "1979"]
[PlyCount "20"]
[EventDate "2014.05.25"]
[EventType "swiss"]
[EventRounds "7"]
[EventCountry "GER"]
[SourceTitle "EXT 2018"]
[Source "ChessBase"]
[SourceDate "2017.10.13"]
[SourceVersion "1"]
[SourceVersionDate "2017.10.13"]
[SourceQuality "1"]

1. e4 e5 2. Nf3 Qe7 3. Nc3 c6 4. d4 d6 5. Be3 Bg4 6. h3 Bxf3 7. Qxf3 Nd7 8. Bc4 g6 9. 0-0-0 Bg7 10. d5 c5 1/2-1/2

[Event "Sachsen-Anhalt-ch Seniors 22nd"]
[Site "Halberstadt"]
[Date "2014.05.27"]
[Round "3"]
[White "Liebscher, Helmar"]
[Black "Andersen, Knut"]
[Result "0-1"]
[WhiteElo "1926"]
[BlackElo "1964"]
[PlyCount "80"]
[EventDate "2014.05.25"]
[EventType "swiss"]
[EventRounds "7"]
[EventCountry "GER"]
[SourceTitle "EXT 2018"]
[Source "ChessBase"]
[SourceDate "2017.10.13"]
[SourceVersion "1"]
[SourceVersionDate "2017.10.13"]
[SourceQuality "1"]

1. e4 c5 2. Nf3 Nc6 3. d4 cxd4 4. Nxd4 Qb6 5. Nb3 Nf6 6. Nc3 e6 7. Be3 Qc7 8. a3 a6 9. f4 d6 10. Be2 Be7 11. 0-0 b5 12. Bf3 Bb7 13. Qe1 0-0 14. Qg3 Rfe8 15. h4 Bf8 16. h5 Rab8 17. Rad1 Ba8 18. Qh4 a5 19. h6 b4 20. hxg7 Be7 21. Ne2 Nd5 22. Qf2 Nxe3 23. Qxe3 Bf6 24. e5 dxe5 25. Be4 Bxg7 26. f5 exf5 27. Rxf5 Nd4 28. Rh5 Nxe2+ 29. Qxe2 Qb6+ 30. Kh1 Bxe4 31. Qxe4 Qg6 32. Rf5 Red8 33. Rdf1 a4 34. Nc1 Rd4 35. Qf3 Rh4+ 36. Kg1 Qb6+ 37. Rf2 Qh6 38. g3 e4 39. Qg2 Qxc1+ 40. Rf1 Qe3+ 0-1